00559nam a2200193 a 4500001001300000003000900013005001700022008004100039020001200080082001300092100002700105245008100132260004000213300000900253500003500262505001700297650002400314700002700338nice12345678IN_TiNIC20260116011811.0050524s1960 newa grp 000 0 eng  ac247.500a201bWIL aWilson, Dorothy Clarke aPalace of Healingb the Story of Dr.Clara Swain, First Woman Missionary Doct aNew YorkbMcgraw-Hill Book Coc1960 a245p aincludes index and biblioraphy2 aBibliography aChristian-Biography1 aWilson, Dorothy Clarke